000 00347nam a2200133 i 4500
001 91383
003 ES-MaACL
007 t|
008 050131s1903 fr ||||1| fre d
100 1 _aLévy, Emmanuel.
_971999
245 1 2 _aL'afirmation du droit collectif /
_cEmmanuel Lévy.
260 _aParis :
_b[s.n.,
_c1903]
852 _aES-MaACL
_jT-492-F-1
999 _c91383
_d91383